[Event "Polugaevsky Memorial 2015"]
[Site "Samara RUS"]
[Date "2015.07.07"]
[Round "5.8"]
[White "Utegaliyev, Azamat"]
[Black "Natacheev, Peter"]
[Result "1/2-1/2"]
[BlackTitle "FM"]
[WhiteElo "2462"]
[BlackElo "2349"]
[WhiteFideId "13702467"]
[BlackFideId "4191854"]
[EventDate "2015.07.03"]

1. c4 e5 2. g3 Nf6 3. Bg2 Be7 4. Nc3 O-O 5. e4 Nc6 6. Nge2 Bc5 7. O-O d6 8. d3
Nd4 9. h3 c6 10. Kh2 Ne8 11. Nxd4 Bxd4 12. Ne2 Bb6 13. d4 f5 14. c5 Bc7 15. dxe5
dxe5 16. Qxd8 Bxd8 17. exf5 Bxf5 18. Be3 Bd3 19. Rfe1 Ba5 20. Nc3 Bxc3 21. bxc3
Nc7 22. f4 exf4 23. Bxf4 Nd5 24. Bxd5+ cxd5 25. Re7 Rae8 26. Rae1 Rxe7 27. Rxe7
Rf7 28. Re8+ Rf8 29. Re6 Kf7 30. Rd6 Re8 31. Rd7+ Re7 32. Rxd5 Re2+ 33. Kg1 Rg2+
34. Kxg2 Be4+ 35. Kf2 Bxd5 36. a4 a6 37. Ke3 Ke6 38. Kd4 Bc6 39. a5 g6 40. h4
Bb5 41. Bb8 Bc6 1/2-1/2

[Event "Polugaevsky Memorial 2015"]
[Site "Samara RUS"]
[Date "2015.07.07"]
[Round "5.9"]
[White "Mokshanov, Alexey"]
[Black "Drygalov, Andrey"]
[Result "0-1"]
[WhiteTitle "IM"]
[WhiteElo "2458"]
[BlackElo "2305"]
[WhiteFideId "24121657"]
[BlackFideId "24171735"]
[EventDate "2015.07.03"]

1. e4 c5 2. Nf3 e6 3. c3 Nf6 4. e5 Nd5 5. Bc4 d6 6. d4 cxd4 7. cxd4 Nc6 8. O-O
Be7 9. Qe2 O-O 10. Re1 Nb6 11. Bb3 dxe5 12. dxe5 Nd4 13. Nxd4 Qxd4 14. Nc3 Bd7
15. Rd1 Qb4 16. Bd2 Qc5 17. Rac1 Bc6 18. Nd5 Bxd5 19. Rxc5 Bxc5 20. Bc2 Rac8 21.
Bb1 Be7 22. b3 Rfd8 23. h4 Rd7 24. Bg5 Bxg5 25. hxg5 Rdc7 26. Bxh7+ Kxh7 27.
Qh5+ Kg8 28. Rd4 Nd7 29. Rh4 Kf8 30. Qh8+ Ke7 31. Qxg7 Rc1+ 32. Kh2 Re1 33. Rf4
Nxe5 34. g6 Rf8 35. Qf6+ Kd6 36. g7 Rg8 37. f3 Re2 38. Rf5 Rxg7 39. Qxg7 exf5
40. Qf6+ Be6 41. Qd8+ Nd7 42. Qa5 a6 43. Qb4+ Kc7 44. Qc3+ Kb8 45. Qh8+ Ka7 46.
Qd4+ b6 47. a4 Re5 48. b4 a5 49. Qd6 Kb7 50. b5 Rc5 51. Kg3 Rc4 52. Kf2 Rxa4 53.
Qc6+ Kb8 0-1

[Event "Polugaevsky Memorial 2015"]
[Site "Samara RUS"]
[Date "2015.07.08"]
[Round "6.1"]
[White "Yuffa, Daniil"]
[Black "Belyakov, Bogdan"]
[Result "1/2-1/2"]
[WhiteTitle "IM"]
[BlackTitle "IM"]
[WhiteElo "2474"]
[BlackElo "2500"]
[WhiteFideId "24131423"]
[BlackFideId "24104795"]
[EventDate "2015.07.03"]

1. g3 Nf6 2. Bg2 g6 3. e4 c5 4. e5 Ng8 5. Nf3 Nc6 6. O-O Bg7 7. Re1 d6 8. exd6
Qxd6 9. d3 Nf6 10. Bf4 Qd8 11. Ne5 Nxe5 12. Bxe5 O-O 13. Qd2 Qb6 14. Na3 Be6 15.
Nc4 Bxc4 16. dxc4 Rad8 17. Qc3 Rfe8 18. Qb3 Rd7 19. Qxb6 axb6 20. a4 Ra8 21. c3
Nh5 22. Bxg7 Nxg7 23. Red1 Rc7 24. Bh3 Ne8 25. b3 Kf8 26. Rd3 Nd6 27. Rad1 Rd8
28. Kf1 h5 29. Ke2 Kg7 30. Bg2 Rcc8 31. h3 Kf6 32. R1d2 Rb8 33. Kd1 Ke6 34. Kc2
Kd7 35. Rd5 Ra8 36. Re5 Ra7 37. Red5 Kc7 38. Kc1 Raa8 39. Kc2 Ra7 40. Kc1 Raa8
41. Kc2 1/2-1/2

[Event "Polugaevsky Memorial 2015"]
[Site "Samara RUS"]
[Date "2015.07.08"]
[Round "6.2"]
[White "Kozionov, Kirill"]
[Black "Timofeev, Artyom"]
[Result "1/2-1/2"]
[WhiteTitle "IM"]
[BlackTitle "GM"]
[WhiteElo "2406"]
[BlackElo "2536"]
[WhiteFideId "24101729"]
[BlackFideId "4140419"]
[EventDate "2015.07.03"]

1. d4 Nf6 2. c4 g6 3. Nc3 d5 4. cxd5 Nxd5 5. e4 Nxc3 6. bxc3 Bg7 7. Nf3 c5 8.
Be3 Qa5 9. Nd2 Qc7 10. Be2 O-O 11. O-O b6 12. Rc1 Bb7 13. e5 Nc6 14. f4 cxd4 15.
cxd4 Qd7 16. Bg4 e6 17. d5 Qxd5 18. Bf3 Qd3 19. Nc4 Rad8 20. Qxd3 Rxd3 21. Be4
Rd7 22. Nxb6 axb6 23. Bxc6 Bxc6 24. Rxc6 b5 25. Rb1 Rd3 26. Rb3 Rd1+ 27. Kf2 Ra8
28. Rc2 Ra1 29. Rxb5 R1xa2 30. Rxa2 Rxa2+ 31. Kf3 Bf8 32. Rb3 h5 33. Rc3 Kg7 34.
h4 Ra3 35. Rxa3 Bxa3 36. g4 Bb4 37. Bf2 Bd2 38. Bg3 Bc1 39. Bf2 Bd2 40. Bg3 Bc1
41. Bf2 Bd2 42. Ke4 1/2-1/2

[Event "Polugaevsky Memorial 2015"]
[Site "Samara RUS"]
[Date "2015.07.08"]
[Round "6.3"]
[White "Ozolin, Maxim"]
[Black "Goganov, Aleksey"]
[Result "1-0"]
[WhiteTitle "IM"]
[BlackTitle "GM"]
[WhiteElo "2384"]
[BlackElo "2601"]
[WhiteFideId "4133340"]
[BlackFideId "24109959"]
[EventDate "2015.07.03"]

1. e4 e5 2. Nf3 Nc6 3. Bb5 a6 4. Ba4 Nf6 5. O-O Be7 6. Re1 b5 7. Bb3 d6 8. c3
O-O 9. h3 Nb8 10. d4 Nbd7 11. Nbd2 Bb7 12. Bc2 Re8 13. Nf1 Bf8 14. Ng3 g6 15.
Bg5 h6 16. Bd2 Bg7 17. a4 c5 18. d5 c4 19. b4 cxb3 20. Bxb3 Nc5 21. c4 Nd3 22.
Re3 bxc4 23. Bxc4 Nb2 24. Qb3 Nxc4 25. Qxc4 Nd7 26. Bb4 Nb6 27. Qa2 a5 28. Ba3
Rc8 29. Rc1 Qd7 30. Qb3 Rxc1+ 31. Bxc1 Nxa4 32. Ba3 Bf8 33. h4 h5 34. Ng5 Be7
35. Rf3 Rf8 36. Nf5 Bxg5 37. Nxd6 Bd2 38. Qxb7 Qxb7 39. Nxb7 Rc8 40. Rb3 Rc4 41.
Nd6 Rc7 42. Rb8+ Kh7 43. Ne8 Ra7 44. d6 1-0

[Event "Polugaevsky Memorial 2015"]
[Site "Samara RUS"]
[Date "2015.07.08"]
[Round "6.5"]
[White "Schekachikhin, Maksim"]
[Black "Alekseenko, Kirill"]
[Result "0-1"]
[WhiteTitle "FM"]
[BlackTitle "GM"]
[WhiteElo "2317"]
[BlackElo "2513"]
[WhiteFideId "24177830"]
[BlackFideId "4135539"]
[EventDate "2015.07.03"]

1. d4 Nf6 2. c4 g6 3. Nc3 d5 4. Nf3 Bg7 5. e3 O-O 6. cxd5 Nxd5 7. Bc4 Nb6 8. Bb3
Nc6 9. O-O e5 10. d5 Na5 11. Bc2 Nac4 12. e4 h6 13. Qe2 Nd6 14. b3 f5 15. Ba3 f4
16. Nb5 g5 17. h3 g4 18. hxg4 Bxg4 19. Nxd6 cxd6 20. Rac1 Rf6 21. Qd3 Rg6 22.
Bd1 Kh8 23. Rc3 h5 24. Ne1 Bh6 25. Qc2 Qf6 26. f3 Bd7 27. Rf2 Bg5 28. Kf1 Bh4
29. Re2 Bg3 30. Nd3 Bb5 31. Nf2 Bxf2 32. Kxf2 Qh4+ 33. Kg1 Bxe2 34. Qxe2 Rag8
35. Rc2 Rxg2+ 36. Qxg2 Qe1+ 0-1

[Event "Polugaevsky Memorial 2015"]
[Site "Samara RUS"]
[Date "2015.07.08"]
[Round "6.6"]
[White "Saiyn, Zhanat"]
[Black "Iljushin, Alexei"]
[Result "1/2-1/2"]
[WhiteTitle "IM"]
[BlackTitle "GM"]
[WhiteElo "2392"]
[BlackElo "2531"]
[WhiteFideId "13703820"]
[BlackFideId "4122178"]
[EventDate "2015.07.03"]

1. d4 e6 2. c4 f5 3. g3 Nf6 4. Bg2 c6 5. Nf3 d5 6. O-O Bd6 7. Qc2 O-O 8. Nc3 Qe7
9. Rb1 a6 10. c5 Bc7 11. Bf4 Bxf4 12. gxf4 Bd7 13. e3 Be8 14. Ne2 h6 15. Nc1 Bh5
16. Nd3 Bxf3 17. Bxf3 g5 18. h3 Kh8 19. Qb3 Rg8 20. fxg5 hxg5 21. Ne5 Rg7 22.
Kh1 Qc7 23. Rg1 g4 24. hxg4 Nbd7 25. Nxd7 Qxd7 26. g5 Rag8 27. Rg3 Rxg5 28. Rh3+
Nh7 29. Rf1 Qg7 30. Qd1 Rg6 31. Rh5 Qf6 32. Rh2 Qg7 33. Rh5 Qc7 34. Rh3 Rg5 35.
Bh5 Qg7 36. Bf3 Rg2 37. Bh5 a5 38. b3 Rg5 39. Rh2 Rg2 40. Rh3 Qf6 41. Bf3 R2g5
42. Rh2 R8g7 43. Bh5 f4 44. Qf3 fxe3 45. Qxf6 Nxf6 46. Bf7+ Rh7 47. Rxh7+ Kxh7
48. fxe3 Ne4 49. Kh2 e5 50. Be6 Rh5+ 51. Kg2 Rg5+ 52. Kh2 Rh5+ 1/2-1/2

[Event "Polugaevsky Memorial 2015"]
[Site "Samara RUS"]
[Date "2015.07.08"]
[Round "6.7"]
[White "Kryakvin, Dmitry"]
[Black "Khanin, Semen"]
[Result "1-0"]
[WhiteTitle "GM"]
[BlackTitle "IM"]
[WhiteElo "2529"]
[BlackElo "2385"]
[WhiteFideId "4153278"]
[BlackFideId "4111990"]
[EventDate "2015.07.03"]

1. d4 Nf6 2. c4 g6 3. Nc3 Bg7 4. e4 d6 5. Nf3 O-O 6. Be2 e5 7. O-O Nc6 8. d5 Ne7
9. Qc2 Nd7 10. Rd1 h6 11. b4 f5 12. c5 Nf6 13. Nd2 f4 14. Nc4 g5 15. b5 g4 16.
b6 axb6 17. cxd6 cxd6 18. Rb1 f3 19. Bf1 fxg2 20. Bxg2 Ra6 21. Be3 Ng6 22. Nb5
Ne8 23. Nxb6 Rxb6 24. Bxb6 Qxb6 25. Qxc8 Qxf2+ 26. Kh1 Qh4 27. Qc3 Nf4 28. Rf1
Nf6 29. Qe1 Qg5 30. Nxd6 N6h5 31. Rb3 Nxg2 32. Kxg2 Nf4+ 33. Kh1 Qg6 34. Nf5
Rxf5 35. exf5 Qxf5 36. Rxb7 Bf8 37. Rb3 Qc2 38. Rg3 Qf5 39. Rxg4+ Kf7 40. Rgxf4 1-0

[Event "Polugaevsky Memorial 2015"]
[Site "Samara RUS"]
[Date "2015.07.08"]
[Round "6.10"]
[White "Ulko, Jaroslav"]
[Black "Gevorgyan, David"]
[Result "0-1"]
[WhiteTitle "IM"]
[BlackTitle "IM"]
[WhiteElo "2461"]
[BlackElo "2368"]
[WhiteFideId "4116658"]
[BlackFideId "13303244"]
[EventDate "2015.07.03"]

1. d4 Nf6 2. c4 e6 3. Nf3 d5 4. Nc3 Be7 5. Bg5 h6 6. Bh4 O-O 7. e3 Ne4 8. Bxe7
Qxe7 9. Rc1 Nxc3 10. Rxc3 dxc4 11. Bxc4 Nd7 12. Qc2 c6 13. O-O e5 14. Bb3 Re8
15. h3 Rb8 16. a3 Qf6 17. Qe4 Re7 18. Rd1 exd4 19. Qxd4 Qxd4 20. Nxd4 Nf6 21. f3
Kf8 22. e4 Bd7 23. Kf2 Rc8 24. Rdc1 Rd8 25. Rd1 Rc8 26. Ba2 c5 27. Ne2 b6 28.
Rcd3 Bb5 29. Rd6 Ne8 30. R6d2 Ba4 31. Rc1 Rd7 32. Rxd7 Bxd7 33. Rd1 Ba4 34. Rd2
Nc7 35. h4 Bc6 36. Ng3 Ne6 37. Bxe6 fxe6 38. Ke3 Ke7 39. Kf4 Be8 40. Ke3 Bc6 41.
f4 a5 42. f5 Be8 43. fxe6 g6 44. Ne2 Kxe6 45. Nf4+ Kf7 46. Rf2 Rc6 47. Nd5+ Kg7
48. g4 g5 49. hxg5 hxg5 50. Rf5 Kh6 51. Rf8 Bg6 52. Ne7 Re6 53. Nf5+ Kh7 54. Rb8
Be8 55. Rb7+ Kg6 56. Ne7+ Kh6 57. Rc7 Ba4 58. Nf5+ Kg6 59. Ne7+ Kh6 60. Nf5+ Kg6
61. Ne7+ Kh6 0-1

[Event "Polugaevsky Memorial 2015"]
[Site "Samara RUS"]
[Date "2015.07.09"]
[Round "7.1"]
[White "Belyakov, Bogdan"]
[Black "Timofeev, Artyom"]
[Result "1/2-1/2"]
[WhiteTitle "IM"]
[BlackTitle "GM"]
[WhiteElo "2500"]
[BlackElo "2536"]
[WhiteFideId "24104795"]
[BlackFideId "4140419"]
[EventDate "2015.07.03"]

1. e4 c5 2. c3 e6 3. d4 d5 4. exd5 exd5 5. Nf3 Nc6 6. Bb5 Bd6 7. dxc5 Bxc5 8.
O-O Ne7 9. Nbd2 O-O 10. Nb3 Bb6 11. Re1 Nf5 12. Bd3 h6 13. Bc2 Be6 14. Qd3 Re8
15. Bf4 Qf6 16. Ne5 Qh4 17. Qf3 Nfe7 18. Bg3 Nxe5 19. Bxe5 Nc6 20. Bg3 Qg4 21.
Qxg4 Bxg4 22. h3 Be2 23. Bf4 d4 24. Nxd4 Nxd4 25. cxd4 Bxd4 26. Be3 Bxe3 27.
Rxe2 Bd4 28. Rxe8+ Rxe8 29. Rd1 Bxb2 30. Rd7 Ba3 31. Kf1 g6 32. Rxb7 Re7 33.
Rxe7 Bxe7 34. Ke2 Kg7 35. f4 f5 36. g4 Kf6 37. Kf3 Bd6 38. gxf5 gxf5 39. Bd3 Bc7
40. Bc2 Bd6 1/2-1/2

[Event "Polugaevsky Memorial 2015"]
[Site "Samara RUS"]
[Date "2015.07.09"]
[Round "7.2"]
[White "Dobrov, Vladimir"]
[Black "Yuffa, Daniil"]
[Result "1/2-1/2"]
[WhiteTitle "GM"]
[BlackTitle "IM"]
[WhiteElo "2517"]
[BlackElo "2474"]
[WhiteFideId "4136594"]
[BlackFideId "24131423"]
[EventDate "2015.07.03"]

1. e4 c6 2. d4 d5 3. e5 Bf5 4. Nf3 e6 5. Be2 c5 6. Be3 cxd4 7. Nxd4 Ne7 8. Nd2
Nbc6 9. N2f3 a6 10. O-O h6 11. Rc1 Rc8 12. c4 Be4 13. Nd2 Nxe5 14. Nxe4 dxe4 15.
Qb3 Qc7 16. Rfd1 N7c6 17. c5 Be7 18. Nxe6 fxe6 19. Qxe6 Kf8 20. Bh5 g5 21. Rc4
Kg7 22. Rxe4 Rcd8 23. Rf1 Rhf8 24. f4 Rf6 25. Qh3 Rdf8 26. Rd1 gxf4 27. Bf2 Qc8
28. Qxc8 Rxc8 29. Rd5 Rf5 30. Bg4 Nxg4 31. Rxf5 Rd8 32. Rfxf4 Rd1+ 33. Re1 Nxf2
34. Kxf2 Bxc5+ 35. Ke2 Rd7 36. Rd1 Re7+ 37. Kf1 Be3 38. Rf3 Bd4 39. b3 Bb6 40.
Rd6 Bc7 41. Rd2 Ne5 42. Re2 Rd7 43. Rf5 Rd5 44. Rc2 Kg6 45. Rf4 Rd1+ 46. Ke2 Rd7
47. Re4 Kf5 48. Rh4 Kg5 49. Re4 Kf5 50. Rh4 Kg6 51. g3 Re7 52. Re4 Kf5 53. Rcc4
Rd7 54. Rcd4 Re7 55. Rf4+ Ke6 56. Rh4 Nf7 1/2-1/2

[Event "Polugaevsky Memorial 2015"]
[Site "Samara RUS"]
[Date "2015.07.09"]
[Round "7.3"]
[White "Alekseenko, Kirill"]
[Black "Ozolin, Maxim"]
[Result "1-0"]
[WhiteTitle "GM"]
[BlackTitle "IM"]
[WhiteElo "2513"]
[BlackElo "2384"]
[WhiteFideId "4135539"]
[BlackFideId "4133340"]
[EventDate "2015.07.03"]

1. e4 c5 2. Nc3 Nc6 3. Bb5 Nd4 4. Nf3 a6 5. Bd3 g6 6. Nxd4 cxd4 7. Ne2 Bg7 8. b3
d5 9. exd5 Nf6 10. Bb2 Nxd5 11. O-O Nb4 12. Be4 f5 13. Bf3 Nc6 14. c3 d3 15. Nc1
Ne5 16. Rb1 O-O 17. Re1 Qd6 18. c4 Ng4 19. Bxg4 fxg4 20. Bxg7 Kxg7 21. Re3 Bf5
22. b4 Rad8 23. c5 Qf6 24. Qe1 Rd7 25. Nb3 h5 26. Re5 h4 27. Qe3 Rfd8 28. c6
bxc6 29. Nc5 h3 30. Nxd7 Rxd7 31. Re1 e6 32. Rc5 Rd4 33. Rxc6 g5 34. a3 Kg6 35.
Qe5 Qxe5 36. Rxe5 Kf6 37. Re1 Be4 38. Rxa6 hxg2 39. Rxe4 Rxe4 40. Rd6 Re1+ 41.
Kxg2 Rb1 42. Rxd3 Rb2 43. a4 Rxb4 44. Ra3 Rb6 45. a5 Ra6 46. Kg3 Kf5 47. Ra4 e5
48. d3 Rd6 49. a6 Rxd3+ 50. Kg2 Rd8 51. a7 Ra8 52. Kg3 1-0

[Event "Polugaevsky Memorial 2015"]
[Site "Samara RUS"]
[Date "2015.07.09"]
[Round "7.4"]
[White "Kryakvin, Dmitry"]
[Black "Zubkov, Vsevolod"]
[Result "1/2-1/2"]
[WhiteTitle "GM"]
[WhiteElo "2529"]
[BlackElo "2368"]
[WhiteFideId "4153278"]
[BlackFideId "24136760"]
[EventDate "2015.07.03"]

1. e4 e6 2. d4 d5 3. Nc3 Nf6 4. Bg5 Bb4 5. e5 h6 6. Bh4 g5 7. Bg3 Ne4 8. Ne2 c5
9. a3 Bxc3+ 10. Nxc3 Nxc3 11. bxc3 Qa5 12. Qd2 Nc6 13. dxc5 Qxc5 14. h4 Rg8 15.
hxg5 hxg5 16. c4 d4 17. c3 dxc3 18. Qxc3 Bd7 19. O-O-O O-O-O 20. Be2 Ne7 21. Qb4
Qxb4 22. axb4 Nf5 23. Rh7 Nxg3 24. fxg3 Be8 25. Rd6 Rxd6 26. exd6 b6 27. c5 bxc5
28. bxc5 g4 29. Ba6+ Kd8 30. Rh5 Bc6 31. Kd2 Kd7 32. Rh7 Rf8 33. Ke3 Bd5 34.
Bb5+ Bc6 35. Bc4 Bd5 36. Bb5+ Bc6 37. Bd3 Bd5 38. Kd4 Kc6 39. Bc2 e5+ 40. Kxe5
Kxc5 41. d7 Be6 42. Bf5 Bxf5 43. Rxf7 Rd8 44. Kxf5 Kd6 45. Rf6+ Ke7 46. Re6+ Kf7
47. Rd6 Ke7 48. Rh6 Rxd7 49. Kxg4 a5 50. Rh5 a4 51. Ra5 Rd4+ 52. Kf5 Rd2 53. g4
Rxg2 54. g5 Ra2 55. Ra7+ Kd6 56. g6 a3 57. g7 Rg2 58. Kf6 Rf2+ 59. Kg6 Rg2+ 60.
Kf7 Rf2+ 61. Ke8 Rg2 62. Ra6+ Kc5 63. Kf7 Rf2+ 64. Ke7 Rg2 1/2-1/2

[Event "Polugaevsky Memorial 2015"]
[Site "Samara RUS"]
[Date "2015.07.09"]
[Round "7.5"]
[White "Tunik, Gennady"]
[Black "Pustovoitova, Daria"]
[Result "1/2-1/2"]
[WhiteTitle "GM"]
[BlackTitle "FM"]
[WhiteElo "2423"]
[BlackElo "2351"]
[WhiteFideId "4101219"]
[BlackFideId "4182146"]
[EventDate "2015.07.03"]

1. d4 d5 2. c4 c6 3. Nf3 Nf6 4. Qc2 dxc4 5. Qxc4 Bf5 6. g3 e6 7. Bg2 Nbd7 8. O-O
Be7 9. e3 O-O 10. Qe2 Qc7 11. Nc3 Ne4 12. Nd2 Nxc3 13. bxc3 c5 14. e4 Bg6 15.
Nf3 cxd4 16. cxd4 Rac8 17. Bg5 Bxg5 18. Nxg5 Qc2 19. Qe3 Rc3 20. Rfc1 Rxe3 21.
Rxc2 Rd3 22. Rc7 Rxd4 23. Rxb7 a6 24. Nf3 Rd3 25. Nh4 Nf6 26. Nxg6 hxg6 27. h3
Rfd8 28. Rb2 R8d4 29. Rb8+ Kh7 30. Rb7 Nxe4 31. Bxe4 Rxe4 32. Rxf7 Rd5 33. Ra7
Re2 34. Rxa6 Rdd2 35. Rf1 Rxa2 36. Rxa2 Rxa2 37. Re1 Ra6 38. h4 Kg8 39. Kg2 Kf7
40. Rc1 Kf6 41. Rc7 Ra4 42. Kf3 1/2-1/2

[Event "Polugaevsky Memorial 2015"]
[Site "Samara RUS"]
[Date "2015.07.09"]
[Round "7.6"]
[White "Oganian, Miran"]
[Black "Kozionov, Kirill"]
[Result "1/2-1/2"]
[WhiteTitle "FM"]
[BlackTitle "IM"]
[WhiteElo "2370"]
[BlackElo "2406"]
[WhiteFideId "4122488"]
[BlackFideId "24101729"]
[EventDate "2015.07.03"]

1. d4 d5 2. c4 c6 3. Nf3 Nf6 4. Qc2 dxc4 5. Qxc4 Bg4 6. Nbd2 e6 7. g3 Nbd7 8.
Bg2 Be7 9. O-O O-O 10. Ne5 Bh5 11. Nxd7 Nxd7 12. Nb3 Rc8 13. e4 c5 14. dxc5 Nxc5
15. Be3 Qd3 16. Rfc1 Qxc4 17. Rxc4 Nd3 18. Rxc8 Rxc8 19. f3 Nxb2 20. g4 Bg6 21.
Bxa7 e5 22. Bf1 f6 23. Rb1 Na4 24. Rd1 Be8 25. Be3 b5 26. Rc1 Ra8 27. Nc5 Nb2
28. Ne6 Bd6 29. Nc7 Bxc7 30. Rxc7 Nc4 31. Bc1 Rxa2 32. Rxc4 bxc4 33. Bxc4+ Bf7
34. Bxa2 Bxa2 35. Kf2 Kf7 36. h4 Bb3 37. h5 Bd1 38. Ba3 Ke6 39. Bf8 Kf7 40. Bc5
Ke6 41. Bf8 1/2-1/2

[Event "Polugaevsky Memorial 2015"]
[Site "Samara RUS"]
[Date "2015.07.09"]
[Round "7.7"]
[White "Goganov, Aleksey"]
[Black "Drygalov, Sergey"]
[Result "1/2-1/2"]
[WhiteTitle "GM"]
[WhiteElo "2601"]
[BlackElo "2358"]
[WhiteFideId "24109959"]
[BlackFideId "24171743"]
[EventDate "2015.07.03"]

1. d4 d5 2. c4 c6 3. Nf3 Nf6 4. e3 Bf5 5. Nc3 e6 6. Nh4 Be4 7. f3 Bg6 8. Qb3 Qc7
9. Bd2 Be7 10. Nxg6 hxg6 11. g3 Nbd7 12. Rc1 Rc8 13. Kf2 O-O 14. Kg2 dxc4 15.
Bxc4 e5 16. dxe5 Nxe5 17. Be2 Rcd8 18. Rcd1 b5 19. e4 Qb6 20. Bf4 Nfd7 21. h4
Bf6 22. Qc2 Rfe8 23. Qc1 Qb7 24. g4 Be7 25. b3 Qb8 26. Bg3 f6 27. f4 Nf7 28. h5
gxh5 29. Rxh5 Nc5 30. e5 Rxd1 31. Qxd1 Qd8 32. b4 Qxd1 33. Bxd1 Ne6 34. f5 Nd4
35. e6 Ng5 36. Ne2 Nxe2 37. Bxe2 Rd8 38. Bf4 Rd4 39. Bxg5 fxg5 40. a3 a5 41.
bxa5 Ra4 42. Rh3 Rxa5 43. Rd3 Rxa3 44. Rd7 Kf8 45. Rc7 Ra8 46. Rxc6 b4 47. Bc4
Rd8 48. Kf3 g6 49. Rc7 gxf5 50. gxf5 Rd4 51. Ke3 Rf4 52. Bd3 b3 53. Be4 b2 54.
Rb7 Rh4 55. Bb1 Rb4 56. Rxb4 Bxb4 57. f6 Be7 58. fxe7+ 1/2-1/2

[Event "Polugaevsky Memorial 2015"]
[Site "Samara RUS"]
[Date "2015.07.09"]
[Round "7.8"]
[White "Iljushin, Alexei"]
[Black "Schekachikhin, Maksim"]
[Result "1/2-1/2"]
[WhiteTitle "GM"]
[BlackTitle "FM"]
[WhiteElo "2531"]
[BlackElo "2317"]
[WhiteFideId "4122178"]
[BlackFideId "24177830"]
[EventDate "2015.07.03"]

1. d4 Nf6 2. c4 e6 3. g3 d5 4. Bg2 dxc4 5. Nf3 Bb4+ 6. Bd2 a5 7. O-O O-O 8. Bg5
h6 9. Bxf6 Qxf6 10. e3 b5 11. a4 c6 12. Ne5 Ra6 13. Nc3 Rb6 14. Ne4 Qe7 15. g4
f5 16. Ng3 Qe8 17. f4 Bb7 18. gxf5 exf5 19. Qc2 Nd7 20. Nxf5 Nxe5 21. fxe5 Bc8
22. Kh1 Rb8 23. Be4 Be6 24. Rf4 Bxf5 25. Bxf5 Kh8 26. Raf1 Be7 27. Be4 Qd7 28.
Qg2 Rxf4 29. exf4 g5 30. Rd1 bxa4 31. f5 a3 32. bxa3 Bxa3 33. Qh3 Bf8 34. Qc3
Qf7 35. f6 Rb3 36. Qc2 Ba3 37. Bxc6 Qh5 38. Rb1 Qh4 39. Be4 a4 40. d5 Qf4 41. d6
Qxe5 42. Rxb3 axb3 43. Qxc4 Qxf6 44. Qc8+ Kg7 45. Qb7+ Qf7 46. Qxf7+ 1/2-1/2

[Event "Polugaevsky Memorial 2015"]
[Site "Samara RUS"]
[Date "2015.07.09"]
[Round "7.10"]
[White "Utegaliyev, Azamat"]
[Black "Elistratov, Semen"]
[Result "1-0"]
[BlackTitle "FM"]
[WhiteElo "2462"]
[BlackElo "2307"]
[WhiteFideId "13702467"]
[BlackFideId "24134325"]
[EventDate "2015.07.03"]

1. e4 c5 2. Nf3 d6 3. Bb5+ Nd7 4. d4 cxd4 5. Qxd4 a6 6. Bxd7+ Bxd7 7. c4 e5 8.
Qd3 Rc8 9. Nc3 Qc7 10. b3 b5 11. Nd5 Qc6 12. Nd2 Be6 13. O-O Ne7 14. Ba3 Bxd5
15. exd5 Qd7 16. f4 Ng6 17. f5 Nf4 18. Rxf4 exf4 19. f6 gxf6 20. Re1+ Be7 21.
Qe4 f5 22. Qxf4 O-O 23. Bb2 f6 24. Re6 Rce8 25. Qxf5 Bd8 26. Ne4 bxc4 27. Bxf6
Bxf6 28. Nxf6+ Rxf6 29. Qxf6 Qa7+ 30. Kh1 Rf8 31. Qg5+ Qg7 32. Qxg7+ Kxg7 33.
Kg1 c3 34. Re2 Rf5 35. Rc2 Rxd5 36. Kf2 Rd1 37. Kf3 Rf1+ 38. Ke3 Rg1 39. Kd4 Kf6
40. Kxc3 Ke5 41. Re2+ Kd5 42. Kb4 Kc6 43. Ka5 Kb7 44. a4 h5 45. b4 Rb1 46. Re7+
Kb8 47. Rh7 Rb2 48. Rxh5 Rxg2 49. Kxa6 Rg4 50. a5 1-0

[Event "Polugaevsky Memorial 2015"]
[Site "Samara RUS"]
[Date "2015.07.10"]
[Round "8.1"]
[White "Yuffa, Daniil"]
[Black "Alekseenko, Kirill"]
[Result "0-1"]
[WhiteTitle "IM"]
[BlackTitle "GM"]
[WhiteElo "2474"]
[BlackElo "2513"]
[WhiteFideId "24131423"]
[BlackFideId "4135539"]
[EventDate "2015.07.03"]

1. d4 Nf6 2. c4 c5 3. d5 e6 4. Nc3 exd5 5. cxd5 d6 6. Nf3 g6 7. g3 Bg7 8. Bg2
O-O 9. O-O a6 10. a4 Nbd7 11. Nd2 Re8 12. h3 Nh5 13. Nce4 Ndf6 14. Nxf6+ Bxf6
15. Nc4 Bg7 16. e4 Qc7 17. Qb3 Bd7 18. Qb6 Qxb6 19. Nxb6 Rad8 20. Bg5 f6 21. Bd2
f5 22. exf5 Bxb2 23. fxg6 hxg6 24. Rae1 Bd4 25. Nxd7 Rxe1 26. Rxe1 Rxd7 27. g4
Nf6 28. a5 c4 29. Rc1 Rc7 30. Bf4 c3 31. Bxd6 Rd7 32. Ba3 Nxd5 33. Kf1 Nf4 34.
Rd1 c2 35. Rc1 Bb2 0-1

[Event "Polugaevsky Memorial 2015"]
[Site "Samara RUS"]
[Date "2015.07.10"]
[Round "8.2"]
[White "Timofeev, Artyom"]
[Black "Dobrov, Vladimir"]
[Result "0-1"]
[WhiteTitle "GM"]
[BlackTitle "GM"]
[WhiteElo "2536"]
[BlackElo "2517"]
[WhiteFideId "4140419"]
[BlackFideId "4136594"]
[EventDate "2015.07.03"]

1. e4 c6 2. Ne2 d5 3. e5 f6 4. d4 g6 5. exf6 Nxf6 6. Nf4 Bg7 7. Be2 O-O 8. O-O
c5 9. c3 Nc6 10. Be3 cxd4 11. cxd4 Ne8 12. Nc3 e5 13. dxe5 d4 14. Qb3+ Kh8 15.
Rad1 Qb6 16. Qxb6 axb6 17. Nfd5 dxc3 18. Nxb6 Rb8 19. f4 cxb2 20. Rb1 g5 21.
Nxc8 Rxc8 22. g3 gxf4 23. gxf4 Nc7 24. Bc5 Rg8 25. Bc4 Bf8+ 26. Bxg8 Bxc5+ 27.
Kh1 Kxg8 28. Rxb2 b6 29. Rd2 Rf8 30. Kg2 Nd4 0-1

[Event "Polugaevsky Memorial 2015"]
[Site "Samara RUS"]
[Date "2015.07.10"]
[Round "8.4"]
[White "Ozolin, Maxim"]
[Black "Utegaliyev, Azamat"]
[Result "0-1"]
[WhiteTitle "IM"]
[WhiteElo "2384"]
[BlackElo "2462"]
[WhiteFideId "4133340"]
[BlackFideId "13702467"]
[EventDate "2015.07.03"]

1. e4 e5 2. Nf3 Nc6 3. Bb5 a6 4. Ba4 Nf6 5. O-O b5 6. Bb3 Be7 7. a4 Bb7 8. d3 d6
9. Ng5 O-O 10. f4 Nd4 11. Ba2 b4 12. Nd2 Bc8 13. c3 bxc3 14. bxc3 Bg4 15. Ndf3
Nxf3+ 16. Nxf3 exf4 17. Bxf4 c6 18. Qd2 d5 19. e5 Ne8 20. d4 Bf5 21. Bb1 Bxb1
22. Raxb1 Nc7 23. Bg5 Ne6 24. Bxe7 Qxe7 25. Rb6 c5 26. Qb2 h6 27. Rb7 Qe8 28.
Qb3 cxd4 29. cxd4 Rc8 30. Qxd5 Qxa4 31. Rxf7 Rxf7 32. Qxe6 Re8 33. Qd5 Qb5 34.
Qa2 Rd8 35. e6 Re7 36. Re1 Rd6 37. Kh1 Qd5 38. Qxd5 Rxd5 39. Kg1 Rd6 40. Kf2
Rexe6 41. Ra1 Rd5 42. Ra4 a5 43. Ne5 Rb6 44. Nd3 Rbb5 45. Ke3 Rd8 46. Ne5 Rb3+
47. Ke4 Rb4 48. Rxa5 Rbxd4+ 49. Kf3 Rd2 50. Kg3 Re2 51. Nf3 Rd6 52. Nh4 Rdd2 53.
Kg4 Rb2 54. Ra8+ Kh7 55. Ra7 Rb3 56. g3 Rf2 57. Rc7 Rb4+ 58. Kh3 h5 59. Rc3 g5
60. Rc7+ Kg8 0-1